MDQL
is popping MORE tags! Check the
thread
!
Quizzes
Events
Quiz Creation
Community
Videos
Private Events
Remove Ads
Sign In
Join for FREE
Feedback
Dark Mode
Quiz Categories
Sports
Geography
Music
Movies
Television
Just For Fun
Miscellaneous
History
Literature
Language
Science
Gaming
Entertainment
Religion
Holiday
For Kids
Quiz Lab
Recent
Popular Today
Quiz Kudos Today
Editor Picks
Curator Picks
Quizzes by...
Day
Popularity
Type
Ratings
Length
Year
Community
Subscriptions
Recent Discussions
Orange Saloon
Badges
Playlists
Quests
Create
Leaderboards
Showdown
Live 5
Trivia Bingo
Activity
Puzzle Library
Sporcle Events
Private Events
Virtual Trivia
Globe League
Become a Host
Pub Owners
SporcleCon
Opinionation
Our Games
Videos
Blog
Mobile Apps
Partnerships
Remove Ads and Go Orange
Feedback
Movies
Disney
Marvel Cinematic Universe
Movie Resume
Movie Titles
Oscar
Actor
Actress
Director
Pixar
Role
Movie Quotes
Movie Characters
Box Office
Nominee
Best Picture
Star Wars
James Bond
Horror Movies
Movies
Disney
Marvel Cinematic Universe
Movie Resume
Movie Titles
Oscar
Actor
Actress
Director
Pixar
Role
Movie Quotes
Movie Characters
Box Office
Nominee
Best Picture
Star Wars
James Bond
Horror Movies
Random Quiz
Search Sporcle
×
Quiz Lab
Quiz Lab
Movies
Disney
Type in answers that appear in a list
Type in answers that appear in a list
Classic
Best Score? Go Orange.
Disney/Pixar C's Stats
Can you name the Disney or Pixar answer starting with C?
By
triesanything
10m
31 Questions
118 Plays
118 Plays
118 Plays
Comments
Comments
Give Quiz Kudos
Give Quiz Kudos
-
- Ratings
hide this ad
Random Order
Randomize order of answers
Randomize order of answers
Replay
Link that replays current quiz
Next Quiz
Link to next quiz in quiz playlist
You Got
0%
They Got
Avg Score
48%
Avg Friend Score
Upgrade to see
Score Distribution
Jump to the score distribution portion of the page
Score
0/31
Timer
10:00
0
Plays Today
Clue
Answer
% Correct
Chip and Dale are what animal?
Chipmunk
100%
Human friend of the residents of the Hundred Acre Wood
Christopher Robin
100%
Hunter from 'Tarzan'
Clayton
100%
Jack Skellington wants to try to do this hoilday instead
Christmas
100%
Magical Cat
Cheshire Cat
88.9%
Jiminy is what type of insect?
Cricket
88%
Wants puppies for a fur coat
Cruella de Vil
84.6%
Peter Pan's Nemesis
Captain Hook
84.6%
Clawhauser is what kind of animal?
Cheetah
83.3%
Cogsworth is what?
Clock
81.2%
A teacup or half of a chipmunk duo
Chip
81.2%
'The sky is falling!'
Chicken Little
76.1%
Dinah, Duchess and others are what type of animal?
Cats
76.1%
Title character of own movie
Cinderella
74.4%
Disney prince's usually last name
Charming
74.4%
The birds that assist Dumbo
Crows
68.4%
Clue
Answer
% Correct
Mushu's sidekick
Cri-kee
66.7%
Tick Tock is what type of animal?
Crocodile
66.7%
Lumiere is what
Candlestick
64.1%
Jiminy is Pinocchio's what?
Conscience
60.7%
Smokes a hooka
Caterpillar
54.7%
Lives on Bald Mountain
Chernabog
50.4%
Nick Wilde's nickname for Judy Hopps
Carrots
50%
Front desk attendant at the ZPD
Clawhauser
50%
Water Buffalo in charge of the ZPD
Chief Bogo
50%
Fat warrior from Mulan
Chien Po
49.6%
Teams up with a walrus
The Carpenter
48.7%
'If it ain't boroque...' joke teller
Cogsworth
42.7%
Pinocchio villain
The Coachman
37.6%
Self explanatory movie title
Cars
35%
Mr. Toad's horse friend
Cyril Proudbottom
24.8%
Quiz Playlist
Details
Report
Send in Message
Add To Playlist
Classic:
Type in answers that appear in a list
Random Order:
Randomize order of answers
Quiz Source
Last Updated: Mar 14, 2022
Quiz Scoreboard
CHALLENGE
Sign Up to Join the Scoreboard
Show All
Scores
Hide
Comments
May contain spoilers
Recently Published
Holiday 10x10 Sorting Gallery
by lukepisani3
Holiday
15m
Two Season TV Shows II
by 123Four
Television
10m
Image Sorting: Flags VI
by Barbecue
Geography
2m
More to Explore
Quiz From the Vault
Featured Blog Post
14 Easter Pick-up Lines to Find Eggs With
hide this ad
You Might Also Like...
Tags
Disney Quiz
Disney Films
Today's Top Quizzes in Movies
Browse Movies
hide this ad
Today's Top Quizzes in Disney
Browse Disney
Top Contributed Quizzes in Movies
1
The ultimate James Bond movie quiz
2
Find The 'Big' Movie
3
Find The 'Wild' Movie
4
Find The 'Blue' Movie
5
Movies By Plot
6
Hidden Star Wars Character II
7
Hidden Star Wars Character III
8
25 Best Actor Nominees (1990s)
9
Hidden Star Wars Character IV
10
Pick 5 Posters: Directed by Spielberg
Explore More
Trending Topics
Harry Potter
Kpop
Disney
Crossword
NBA
Marvel
Anime
The Office
Country
NFL
Pokémon
WWE
Puzzle
Song
Soccer
hide this ad
More By:
triesanything
Quiz
Plays
Rating
Category
Featured
Created
House of Mouse Staff
332
4.00
Television
Mar 19, 2014
Famous Disney Trios
268
2.75
Movies
Feb 21, 2014
Batman Characters
248
4.50
Entertainment
Sep 28, 2016
Lesser known Disney quotes
211
3.00
Movies
Oct 21, 2012
Famous Bears
164
2.60
Miscellaneous
Feb 21, 2014
Go to Creator's Profile
Score Distribution
Quiz Creator Spotlight
triesanything
Follow
Send a Message
Quizzes Created
-
Created Quiz Play Count
-
More By This Creator
Popular Quizzes Today
1
Find the US States - No Outlines Minefield
2
Colored Red Africa Blitz
3
Find the 'City' Movie
4
The Countries of the World
5
5x2 Blitz: Bands
6
Find the Countries of Europe - No Outlines Minefield
7
Find the US States
8
US States
More Movies Quizzes
In Which MCU Movie: Doctor Strange
Quiz Lab
Trending Quizzes
Colored Red Europe Blitz I
Colored Red Africa Blitz II
Colored Red Europe Blitz II
Even More Two Season TV Shows
Colored Red Africa Blitz III
Recently Updated
Odd Team Out - Big 4 Players
pecheneg
Quick Pick: 20 Twenties
pecheneg
March Madness Men's Triple Doubles
pecheneg
How Do You Spell That?
pecheneg
Godzilla Movies
pecheneg
Grab Bag: 4-10 Letters
pecheneg
2024 March Madness Bracket
pecheneg
Famous TV Couples
Peacemaker
Champions League XIs: Real Madrid
pecheneg
Largest US Cities 1790-2010
pecheneg
Trending Topics
Crossword
Disney
Kpop
Harry Potter
Anime
Marvel
NBA
Puzzle
NFL
Pokémon
The Office
Soccer
Country
WWE
Song
Your Account Isn't Verified!
In order to create a playlist on Sporcle, you need to verify the email address you used during registration. Go to your
Sporcle Settings
to finish the process.
Report this User
Report this user for behavior that violates our
Community Guidelines
.
Details:
Send Report
Go to the Sporcle.com Mobile Site →
Comments